000 01103nam a22003257a 4500
003 CHAP
005 20220329133141.0
008 971013s1986 r 00010 d
010 _a2743
011 _a3715
035 _a2916
040 _cCHAP
090 _aTesis
100 0 0 _aRamírez Rodríguez, Gustavo.
_994227
245 _aEstudio preliminar de comportamiento fenológico de tres materiales de cebolla (Allium cepa L.) en la zona de Chapingo, México
260 _aChapingo, Méx. :
_bEl autor,
_c1986
300 _a113 h.
500 _aD47-35
502 _aTesis (Ing. Agr. Esp. en Fitotecnia) -- UACH. Departamento de Fitotecnia
590 _aALEPH
_b10
_c20130110
_lUCH01
_h1213
590 _aBATCH-UPD
_b10
_c20130110
_lUCH01
_h1544
590 _aBATCH-UPD
_b10
_c20130410
_lUCH01
_h0945
590 _aBATCH-UPD
_b10
_c20130914
_lUCH01
_h0905
590 _aCONVERSION
_b10
_c20130109
_lUCH01
_h1303
650 1 4 _aCebolla
_xEfecto del medio ambiente.
_920763
650 1 4 _aCebolla
_xMéxico (Edo.)
_920789
901 _aBK
942 _cTESIS
949 _bBC
_cTES
_d-12424
_eTS1
_h24669
_i2916
_si
999 _c2743
_d2743